AFC North Winners since 2002 - Statistics

General Stats
  • This quiz has been taken 249 times
    25 since last reset
  • The average score is 23 of 24
Answer Stats
Year AFC North Winner Record % Correct
2024 Baltimore Ravens 12-5
100%
2023 Baltimore Ravens 13-4
100%
2019 Baltimore Ravens 14-2
100%
2018 Baltimore Ravens 10-6
100%
2012 Baltimore Ravens 10-6
100%
2011 Baltimore Ravens 12-4
100%
2022 Cincinnati Bengals 12-4
100%
2021 Cincinnati Bengals 10-7
100%
2015 Cincinnati Bengals 12-4
100%
2013 Cincinnati Bengals 11-5
100%
2025 Pittsburgh Steelers 10-7
100%
2020 Pittsburgh Steelers 12-4
100%
2017 Pittsburgh Steelers 13-3
100%
2016 Pittsburgh Steelers 11-5
100%
2014 Pittsburgh Steelers 11-5
100%
2010 Pittsburgh Steelers 12-4
100%
2006 Baltimore Ravens 13-3
91%
2009 Cincinnati Bengals 10-6
91%
2005 Cincinnati Bengals 11-5
91%
2008 Pittsburgh Steelers 12-4
91%
2007 Pittsburgh Steelers 10-6
91%
2003 Baltimore Ravens 10-6
87%
2004 Pittsburgh Steelers 15-1
87%
2002 Pittsburgh Steelers 10-5-1
78%
No matching quizzes found
Score Distribution
Percent of People with Each Score
Percentile by Number Answered
Your Score History
You have not taken this quiz since the last reset